00960nam a22002777a 450000500170000000800410001701000130005802000230007102000260009403500130012003700310013304000180016408200120018210000270019424501210022124600510034226000460039327000490043930000380048850400200052665000300054665000260057665000360060270000170063870000270065520091022142347.0030709s2002 enka 001 0 eng  aB-359315 a8120320492c525.00 a9788120320499c525.00 aB-359315 bUBH/DPL/BL4/RP/10/20.10.09 adplbEnglish  a005.276 aChakraborti, Angshuman a.NET Framework professional projects /cby Angshuman Chakraborti, Uday Kranti [and] Roopendra Jeey Sandhu with NIIT. aMicrosoft .NET Framework professional projects aNew Delhi bPrentice Hall of India c2002 aM-97, Connaught Circus, bNew Delhi e110001 axxvi, 943p. :bill. ;c24cm(pbk)  aIncludes index. aMicrosoft .NET Framework. aInternet programming. aComputer softwarexDevelopment. aKranti, Uday aSandhu, Roopendra Jeet